[Event "Zlin Region-chT 2223"]
[Site "Czech Republic"]
[Date "2023.02.26"]
[Round "9.2"]
[White "Volcik, Ludek"]
[Black "Babula, Vlastimil1111"]
[Result "0-1"]
[WhiteElo "2060"]
[BlackElo "2253"]
[PlyCount "54"]
[EventDate "2022.10.09"]
[EventType "team-tourn"]
[EventRounds "11"]
[EventCountry "CZE"]
[SourceTitle "EXT 2024"]
[Source "ChessBase"]
[SourceDate "2023.10.10"]
[SourceVersion "1"]
[SourceVersionDate "2023.10.10"]
[SourceQuality "1"]
[WhiteTeam "Borsice"]
[BlackTeam "Stare Mesto II"]
[WhiteTeamCountry "CZE"]
[BlackTeamCountry "CZE"]

1. e4 c5 2. Nf3 d6 3. Bb5+ Nd7 4. c3 Ngf6 5. d3 a6 6. Ba4 e5 7. Bg5 Be7 8. c4 0-0 9. Nc3 Nb6 10. Bc2 Nh5 11. Qd2 f5 12. 0-0-0 Be6 13. b3 f4 14. Bxe7 Qxe7 15. Rdf1 Nd7 16. Bd1 Bf7 17. g3 b5 18. Nd5 Bxd5 19. exd5 bxc4 20. bxc4 Rab8 21. Nh4 e4 22. Bxh5 Qe5 23. d4 cxd4 24. Be2 d3 25. Bxd3 exd3 26. Qxd3 Qa1+ 27. Kd2 Qxa2+ 0-1

[Event "Zlin Region-chT 2223"]
[Site "Czech Republic"]
[Date "2023.01.15"]
[Round "6.1"]
[White "Karlik, Vladimir"]
[Black "Volcik, Ludek"]
[Result "1-0"]
[WhiteElo "2106"]
[BlackElo "2060"]
[PlyCount "109"]
[EventDate "2022.10.09"]
[EventType "team-tourn"]
[EventRounds "11"]
[EventCountry "CZE"]
[SourceTitle "EXT 2024"]
[Source "ChessBase"]
[SourceDate "2023.10.10"]
[SourceVersion "1"]
[SourceVersionDate "2023.10.10"]
[SourceQuality "1"]
[WhiteTeam "Kromeriz Slavia III"]
[BlackTeam "Borsice"]
[WhiteTeamCountry "CZE"]
[BlackTeamCountry "CZE"]

1. d4 Nf6 2. Nf3 e6 3. Bf4 d5 4. e3 Bd6 5. Bg3 Bxg3 6. hxg3 Nbd7 7. Nbd2 Qe7 8. Ne5 Nxe5 9. dxe5 Nd7 10. Qh5 g6 11. Qh6 f6 12. exf6 Qxf6 13. 0-0-0 Ne5 14. Be2 Bd7 15. Qf4 0-0 16. Qxf6 Rxf6 17. f4 Nf7 18. Ne4 dxe4 19. Rxd7 Rc8 20. Bc4 h5 21. Re7 Kf8 22. Rxe6 Rxe6 23. Bxe6 Rd8 24. Bxf7 Kxf7 25. g4 Rh8 26. gxh5 gxh5 27. Rh4 Kg7 28. g4 hxg4 29. Rxh8 Kxh8 30. Kd2 Kg7 31. Ke2 Kg6 32. Kf2 Kh6 33. Kg3 Kh5 34. c4 a6 35. a4 b6 36. b3 a5 37. f5 Kg5 38. f6 Kxf6 39. Kxg4 Ke5 40. Kg5 c6 41. Kg4 b5 42. axb5 cxb5 43. cxb5 Kd5 44. Kf4 Kc5 45. Kxe4 Kxb5 46. Kd3 Kb4 47. Kc2 Kc5 48. Kc3 Kd5 49. e4+ Kxe4 50. Kc4 a4 51. bxa4 Ke5 52. Kc5 Ke6 53. Kc6 Ke7 54. a5 Kd8 55. Kb7 1-0

[Event "Zlin Region-chT 2223"]
[Site "Czech Republic"]
[Date "2022.11.13"]
[Round "3.3"]
[White "Volcik, Ludek"]
[Black "Smid, Jan Sr"]
[Result "1-0"]
[WhiteElo "2060"]
[BlackElo "1848"]
[PlyCount "71"]
[EventDate "2022.10.09"]
[EventType "team-tourn"]
[EventRounds "11"]
[EventCountry "CZE"]
[SourceTitle "EXT 2024"]
[Source "ChessBase"]
[SourceDate "2023.10.10"]
[SourceVersion "1"]
[SourceVersionDate "2023.10.10"]
[SourceQuality "1"]
[WhiteTeam "Borsice"]
[BlackTeam "Stare Mesto  III"]
[WhiteTeamCountry "CZE"]
[BlackTeamCountry "CZE"]

1. d4 d5 2. Bf4 c6 3. Nf3 Nf6 4. e3 Bf5 5. Bd3 Bxd3 6. Qxd3 e6 7. Nbd2 Nbd7 8. c3 Be7 9. 0-0-0 Nh5 10. g4 Nxf4 11. exf4 Qc7 12. Ne5 Nxe5 13. fxe5 h5 14. h3 Bg5 15. Kb1 Bxd2 16. Qxd2 0-0-0 17. Qg5 g6 18. f4 Rde8 19. f5 exf5 20. gxf5 gxf5 21. Qxf5+ Qd7 22. Rdf1 Qxf5+ 23. Rxf5 Rh7 24. Rg1 Kd7 25. Rgg5 Reh8 26. Kc2 Ke7 27. Kd3 Rh6 28. b4 b5 29. Ke3 Ke6 30. Kf4 f6 31. Rg7 Ra8 32. Rc7 fxe5+ 33. dxe5 Rah8 34. Rff7 d4 35. Ke4 Re8 36. Rg7 1-0

[Event "CZE-chT2E 1920"]
[Site "Czech Republic"]
[Date "2019.12.01"]
[Round "4.2"]
[White "Gasa, Patrik"]
[Black "Volcik, Ludek"]
[Result "1-0"]
[WhiteElo "2188"]
[BlackElo "2101"]
[PlyCount "113"]
[EventDate "2019.10.13"]
[EventType "team-tourn"]
[EventRounds "11"]
[EventCountry "CZE"]
[SourceTitle "EXT 2024"]
[Source "ChessBase"]
[SourceDate "2023.10.10"]
[SourceVersion "1"]
[SourceVersionDate "2023.10.10"]
[SourceQuality "1"]
[WhiteTeam "Prusanky Podluzan"]
[BlackTeam "Borsice"]
[WhiteTeamCountry "CZE"]
[BlackTeamCountry "CZE"]

1. d4 Nf6 2. Nf3 d5 3. Bf4 c6 4. c3 Nbd7 5. h3 Qb6 6. Qc2 g6 7. Nbd2 Bg7 8. e3 0-0 9. g4 Re8 10. Be2 h6 11. g5 hxg5 12. Bxg5 Nh7 13. 0-0-0 e5 14. dxe5 Nxe5 15. Nxe5 Bf5 16. Bd3 Rxe5 17. Bf4 Bxd3 18. Qxd3 Rf5 19. Nf3 Re8 20. Nh4 Rxf4 21. exf4 Qxf2 22. Nf3 Bh6 23. Rhf1 Qg3 24. Rde1 Nf6 25. Rxe8+ Nxe8 26. Ne1 Bxf4+ 27. Kb1 Nd6 28. Qxg3 Bxg3 29. Nf3 Kg7 30. Rg1 Bf4 31. Kc2 Ne4 32. Re1 f5 33. h4 Kh6 34. Rg1 Bg3 35. Kd3 Kh5 36. Ke2 Kg4 37. Ne5+ Kxh4 38. Nxg6+ Kh5 39. Ne7 f4 40. Nf5 Kg4 41. Nd4 Ng5 42. Rf1 c5 43. Nf3 Nxf3 44. Rxf3 Kh3 45. Rf1 Kg2 46. Rf3 d4 47. cxd4 cxd4 48. Rb3 Bf2 49. Rxb7 f3+ 50. Kd3 Bg3 51. Rxa7 Be5 52. Rf7 Kg3 53. b4 f2 54. Ke2 Bf4 55. Rxf4 Kxf4 56. Kxf2 Ke4 57. Ke2 1-0

[Event "Valasska Bystrice op"]
[Site "Valasska Bystrice"]
[Date "2016.09.15"]
[Round "7"]
[White "Lys, Josef"]
[Black "Volcik, Ludek"]
[Result "1-0"]
[WhiteElo "2180"]
[BlackElo "2080"]
[PlyCount "105"]
[EventDate "2016.09.10"]
[EventType "swiss"]
[EventRounds "9"]
[EventCountry "CZE"]
[SourceTitle "CBM 174 Extra"]
[Source "ChessBase"]
[SourceDate "2016.10.10"]
[SourceVersion "1"]
[SourceVersionDate "2016.10.10"]
[SourceQuality "1"]

1. Nf3 d5 2. g3 c6 3. Bg2 g6 4. 0-0 Bg7 5. d3 f5 6. c3 Nd7 7. e4 e5 8. exd5 cxd5 9. Qb3 Ne7 10. Bg5 Qb6 11. Na3 Nc5 12. Qxb6 axb6 13. Nb5 Ne6 14. Rfe1 Nc6 15. Bf4 e4 16. Ng5 Nxf4 17. Nc7+ Kd7 18. Nxa8 Nxd3 19. Re2 Nce5 20. Nxb6+ Kc6 21. Nxc8 Rxc8 22. Ne6 Bh6 23. Nd4+ Kb6 24. f3 Nc1 25. Rc2 Be3+ 26. Kf1 Ncd3 27. Re2 Bxd4 28. cxd4 exf3 29. Rd2 fxg2+ 30. Kxg2 Ng4 31. Rxd3 Rc2+ 32. Kg1 Nf2 33. Rb3+ Ka7 34. a4 Nh3+ 35. Kf1 Rxh2 36. Raa3 Ng5 37. Rb5 Ne4 38. Kg1 Rc2 39. Kf1 Rd2 40. Rxd5 Rxb2 41. Rd7 h5 42. a5 Ka6 43. Rg7 g5 44. Rh7 Rd2 45. Rh6+ Ka7 46. a6 bxa6 47. Raxa6+ Kb7 48. Rhb6+ Kc7 49. Rc6+ Kd7 50. Rh6 Nxg3+ 51. Ke1 Rxd4 52. Rh7+ Ke8 53. Raa7 1-0

[Event "Stare Mesto op"]
[Site "Stare Mesto"]
[Date "2015.08.19"]
[Round "7"]
[White "Volcik, Ludek"]
[Black "Vinklarek, Robert"]
[Result "1-0"]
[WhiteElo "2051"]
[BlackElo "1851"]
[PlyCount "61"]
[EventDate "2015.08.14"]
[EventType "swiss"]
[EventRounds "10"]
[EventCountry "CZE"]
[SourceTitle "EXT 2016"]
[Source "ChessBase"]
[SourceDate "2015.10.08"]
[SourceVersion "1"]
[SourceVersionDate "2015.10.08"]
[SourceQuality "1"]

1. e4 c5 2. Nf3 d6 3. d4 cxd4 4. Nxd4 Nf6 5. Nc3 a6 6. f3 e5 7. Nb3 Be6 8. Be3 Be7 9. g4 h6 10. Qd2 d5 11. exd5 Nxd5 12. Nxd5 Bxd5 13. Bg2 Bh4+ 14. Bf2 Bxf2+ 15. Qxf2 Bc6 16. Rd1 Nd7 17. 0-0 0-0 18. f4 Qf6 19. Na5 Rad8 20. Bxc6 bxc6 21. Nb7 Rb8 22. Rxd7 Qe6 23. Qd2 Qxg4+ 24. Kh1 exf4 25. Rxf4 Qe6 26. b3 c5 27. Nxc5 Qc6+ 28. Qd5 Qxd5+ 29. Rxd5 Rb5 30. c4 Rb6 31. Nd7 1-0

[Event "Stare Mesto op"]
[Site "Stare Mesto"]
[Date "2015.08.17"]
[Round "5"]
[White "Volcik, Ludek"]
[Black "Kula, Dominik"]
[Result "1/2-1/2"]
[WhiteElo "2051"]
[BlackElo "2145"]
[PlyCount "128"]
[EventDate "2015.08.14"]
[EventType "swiss"]
[EventRounds "10"]
[EventCountry "CZE"]
[SourceTitle "EXT 2016"]
[Source "ChessBase"]
[SourceDate "2015.10.08"]
[SourceVersion "1"]
[SourceVersionDate "2015.10.08"]
[SourceQuality "1"]

1. e4 c5 2. f4 Nc6 3. Nf3 d6 4. c3 Nf6 5. Qc2 g6 6. d4 cxd4 7. cxd4 d5 8. e5 Ne4 9. Bd3 Qb6 10. Nc3 Nb4 11. Qa4+ Bd7 12. Bb5 Bxb5 13. Nxb5 Nc6 14. 0-0 Bg7 15. Nc3 Nxc3 16. bxc3 0-0 17. Ba3 Rfc8 18. Rab1 Qc7 19. Rb5 e6 20. Rfb1 b6 21. Bd6 Qd7 22. c4 dxc4 23. Rc1 a6 24. Rxb6 Nxe5 25. Qxd7 Nxd7 26. Rb7 Nf6 27. Ng5 Nd5 28. Nxf7 Bxd4+ 29. Kh1 Bg7 30. Ng5 Rc6 31. Be5 Bxe5 32. fxe5 Rf8 33. Rd7 Rf5 34. Rb1 Nb6 35. Rd8+ Kg7 36. Nf3 Rc8 37. Rxc8 Nxc8 38. Kg1 h6 39. Rb4 c3 40. Rc4 Rf8 41. Rc7+ Kg8 42. Rxc3 Ne7 43. Nd4 Rd8 44. Nxe6 Rd1+ 45. Kf2 Rd2+ 46. Kf3 Rxa2 47. Rc7 Kf7 48. Nd8+ Ke8 49. Nb7 Nf5 50. Nc5 a5 51. g4 Ne7 52. e6 Nd5 53. Rd7 Ra3+ 54. Kg2 Nf4+ 55. Kf2 Nxe6 56. Rd5 Nxc5 57. Rxc5 Kf7 58. Rc6 Rd3 59. Ra6 Ra3 60. Kg2 Kg7 61. h3 h5 62. gxh5 gxh5 63. h4 Ra4 64. Kh3 Ra3+ 1/2-1/2

[Event "CZE-chT2E 1112"]
[Site "Czech Republic"]
[Date "2012.03.25"]
[Round "10.6"]
[White "Vicenec, Roman"]
[Black "Volcik, Ludek"]
[Result "1/2-1/2"]
[WhiteElo "2037"]
[BlackElo "2034"]
[PlyCount "116"]
[EventDate "2011.10.09"]
[EventType "team-tourn"]
[EventRounds "11"]
[EventCountry "CZE"]
[SourceTitle "EXT 2013"]
[Source "ChessBase"]
[SourceDate "2012.11.22"]
[SourceVersion "1"]
[SourceVersionDate "2012.11.22"]
[SourceQuality "1"]
[WhiteTeam "Sumperk"]
[BlackTeam "Borsice"]
[WhiteTeamCountry "CZE"]
[BlackTeamCountry "CZE"]

1. e4 c5 2. Nf3 d6 3. d4 cxd4 4. Nxd4 Nf6 5. Nc3 a6 6. Be3 b5 7. a3 Bb7 8. f3 Nbd7 9. Qd2 e6 10. Be2 Rc8 11. 0-0 Be7 12. Rfd1 0-0 13. Qe1 Qc7 14. Qf2 Ne5 15. Rd2 Nc4 16. Bxc4 Qxc4 17. Rad1 d5 18. exd5 Nxd5 19. Nxd5 Bxd5 20. c3 Bf6 21. Qg3 Rfe8 22. Bg5 Bxg5 23. Qxg5 Red8 24. Qe3 Rd7 25. Ne2 Rcd8 26. Qb6 Rd6 27. Qa7 h6 28. Qe3 Qc7 29. Ng3 Bb3 30. Rxd6 Rxd6 31. Rxd6 Qxd6 32. Qd4 Qxd4+ 33. cxd4 f5 34. Ne2 Kf7 35. h4 g5 36. hxg5 hxg5 37. Kf2 Ke7 38. g3 Kd6 39. Nc3 Bc4 40. b4 f4 41. gxf4 gxf4 42. Ke1 e5 43. Ne4+ Kd5 44. dxe5 Kxe5 45. Nc5 Kd4 46. Kd2 Bd5 47. Nd3 Bxf3 48. Nxf4 Kc4 49. Kc2 Be4+ 50. Kb2 Bd5 51. Ng6 Be6 52. Ne5+ Kd5 53. Nd3 Kc4 54. Nc5 Bc8 55. Ne4 Kd4 56. Nd2 Be6 57. Nf3+ Kd5 58. Kc3 Bg4 1/2-1/2

[Event "CZE-chT2E 1112"]
[Site "Czech Republic"]
[Date "2012.01.22"]
[Round "6.5"]
[White "Kratochvil, Karel"]
[Black "Volcik, Ludek"]
[Result "1/2-1/2"]
[WhiteElo "2198"]
[BlackElo "2034"]
[PlyCount "69"]
[EventDate "2011.10.09"]
[EventType "team-tourn"]
[EventRounds "11"]
[EventCountry "CZE"]
[SourceTitle "EXT 2013"]
[Source "ChessBase"]
[SourceDate "2012.11.22"]
[SourceVersion "1"]
[SourceVersionDate "2012.11.22"]
[SourceQuality "1"]
[WhiteTeam "Brno Lokomotiva II"]
[BlackTeam "Borsice"]
[WhiteTeamCountry "CZE"]
[BlackTeamCountry "CZE"]

1. d4 d5 2. c4 c6 3. Nc3 Nf6 4. Nf3 e6 5. Bg5 h6 6. Bh4 dxc4 7. e4 g5 8. Bg3 b5 9. Ne5 Bb7 10. h4 gxh4 11. Bxh4 Be7 12. Rh3 Nbd7 13. Nxf7 Kxf7 14. e5 Nxe5 15. Bxf6 Bxf6 16. dxe5 Qxd1+ 17. Rxd1 Be7 18. Be2 Rad8 19. Bh5+ Kg7 20. Rg3+ Kh7 21. Bg6+ Kg7 22. Be4+ Kf7 23. Rf3+ Kg7 24. Nxb5 cxb5 25. Bxb7 Bb4+ 26. Ke2 Rxd1 27. Kxd1 Rd8+ 28. Kc1 Bd2+ 29. Kc2 Bg5 30. Ba6 Rd5 31. a4 bxa4 32. Bxc4 Rxe5 33. Ra3 Bd8 34. Rxa4 Bb6 35. f4 1/2-1/2

[Event "CZE-chTE U20 1112"]
[Site "Czech Republic"]
[Date "2011.10.15"]
[Round "1.2"]
[White "Navratil, Jiri2222"]
[Black "Volcik, Ludek"]
[Result "1-0"]
[WhiteElo "2047"]
[BlackElo "2034"]
[PlyCount "73"]
[EventDate "2011.10.15"]
[EventType "team-tourn"]
[EventRounds "7"]
[EventCountry "CZE"]
[SourceTitle "EXT 2013"]
[Source "ChessBase"]
[SourceDate "2012.11.22"]
[SourceVersion "1"]
[SourceVersionDate "2012.11.22"]
[SourceQuality "1"]
[WhiteTeam "Brno Lokomotiva"]
[BlackTeam "Borsice"]
[WhiteTeamCountry "CZE"]
[BlackTeamCountry "CZE"]

1. e4 c6 2. d4 d5 3. exd5 cxd5 4. c4 Nf6 5. Nc3 e6 6. Nf3 Bb4 7. Bd3 dxc4 8. Bxc4 0-0 9. 0-0 Nbd7 10. Bd3 Nb6 11. Qc2 Bd7 12. Ne4 Nbd5 13. Ne5 Rc8 14. Qb3 Qb6 15. Nxf6+ Nxf6 16. Nc4 Qxd4 17. Be3 Qd5 18. Rfd1 Bc6 19. Bf1 Qb5 20. a4 Qh5 21. Qxb4 Nd5 22. Qb3 f5 23. Bd4 Nf4 24. Qg3 g5 25. Be3 Bxg2 26. Bxf4 Bxf1 27. Kxf1 Rxc4 28. Qxg5+ Qxg5 29. Bxg5 Kf7 30. Rd7+ Kg6 31. Bd2 Rf7 32. Rd8 e5 33. Bc3 e4 34. Ke2 f4 35. Rg1+ Kf5 36. Rd6 Rxa4 37. h4 1-0

[Event "Stare Mesto op"]
[Site "Stare Mesto"]
[Date "2011.08.16"]
[Round "6"]
[White "Chromik, Tomas"]
[Black "Volcik, Ludek"]
[Result "1/2-1/2"]
[WhiteElo "1808"]
[BlackElo "2024"]
[PlyCount "63"]
[EventDate "2011.08.12"]
[EventType "swiss"]
[EventRounds "10"]
[EventCountry "CZE"]
[SourceTitle "CBM 143 Extra"]
[Source "ChessBase"]
[SourceDate "2011.08.29"]
[SourceVersion "1"]
[SourceVersionDate "2011.08.29"]
[SourceQuality "1"]

1. e4 c5 2. Nf3 d6 3. d4 cxd4 4. Nxd4 Nf6 5. Nc3 e6 6. Be3 a6 7. Be2 b5 8. Bf3 b4 9. Nce2 Bb7 10. Ng3 Nbd7 11. Nb3 Ne5 12. Qd4 a5 13. Be2 Be7 14. Bb5+ Nc6 15. Qb6 Qxb6 16. Bxb6 Bd8 17. Bxd8 Kxd8 18. Rd1 Ke7 19. f3 Rhc8 20. Rd2 a4 21. Nc1 Ne5 22. Nd3 Nc4 23. Bxc4 Rxc4 24. b3 axb3 25. cxb3 Rd4 26. Ne2 Rxd3 27. Rxd3 Rxa2 28. Rd2 Ra1+ 29. Rd1 Ra2 30. Rd2 Ra1+ 31. Rd1 Ra2 32. Rd2 1/2-1/2

[Event "Stare Mesto op"]
[Site "Stare Mesto"]
[Date "2011.08.15"]
[Round "5"]
[White "Volcik, Ludek"]
[Black "Lapcik, Vaclav"]
[Result "1-0"]
[WhiteElo "2024"]
[BlackElo "1696"]
[PlyCount "53"]
[EventDate "2011.08.12"]
[EventType "swiss"]
[EventRounds "10"]
[EventCountry "CZE"]
[SourceTitle "CBM 143 Extra"]
[Source "ChessBase"]
[SourceDate "2011.08.29"]
[SourceVersion "1"]
[SourceVersionDate "2011.08.29"]
[SourceQuality "1"]

1. e4 c5 2. Nf3 d6 3. d4 cxd4 4. Nxd4 Nf6 5. Nc3 e6 6. Bg5 Be7 7. f4 Nc6 8. Nb3 a6 9. Qf3 0-0 10. 0-0-0 Qc7 11. g4 h6 12. Bxf6 gxf6 13. h4 Bd7 14. g5 b5 15. Qh5 d5 16. Ne2 Nb4 17. Rd2 dxe4 18. gxf6 Kh7 19. Bg2 Bc6 20. fxe7 e3 21. exf8N+ Kg7 22. Nxe6+ fxe6 23. Bxc6 exd2+ 24. Nxd2 Qxc6 25. Rg1+ Kf6 26. Qxh6+ Ke7 27. Qg7+ 1-0

[Event "Stare Mesto op"]
[Site "Stare Mesto"]
[Date "2011.08.13"]
[Round "2"]
[White "Dmitrenko, Viktor"]
[Black "Volcik, Ludek"]
[Result "0-1"]
[WhiteElo "2353"]
[BlackElo "2024"]
[PlyCount "82"]
[EventDate "2011.08.12"]
[EventType "swiss"]
[EventRounds "10"]
[EventCountry "CZE"]
[SourceTitle "CBM 143 Extra"]
[Source "ChessBase"]
[SourceDate "2011.08.29"]
[SourceVersion "1"]
[SourceVersionDate "2011.08.29"]
[SourceQuality "1"]

1. Nf3 c6 2. e4 d5 3. Nc3 Bg4 4. h3 Bxf3 5. Qxf3 e6 6. d3 Nd7 7. Bd2 Ngf6 8. g4 Ne5 9. Qg3 Ng6 10. h4 d4 11. Ne2 Qb6 12. 0-0-0 Bb4 13. h5 Bxd2+ 14. Rxd2 Ne7 15. h6 Rg8 16. hxg7 Rxg7 17. Qe5 Rg6 18. g5 Nd7 19. Qxd4 Qa5 20. Rxh7 0-0-0 21. Qd6 Nf8 22. Qxe7 Nxh7 23. Qxf7 Qxg5 24. Qxh7 Rh6 25. Qf7 Rf6 26. Qe7 Rd7 27. Qe8+ Rd8 28. Qe7 Rd7 29. Qe8+ Rd8 30. Qe7 Rd7 31. Qb4 Rxf2 32. b3 Rxf1+ 33. Kb2 Rf2 34. Qc3 Qe3 35. Qh8+ Rd8 36. Qe5 Qxd2 37. Qxe6+ Kb8 38. Qe5+ Ka8 39. Nd4 Qxd3 40. Ne6 Rxc2+ 41. Ka3 Qd6+ 0-1

[Event "CZE-chT U20 final-B 1011"]
[Site "Czech Republic"]
[Date "2011.04.16"]
[Round "9.1"]
[White "Volcik, Ludek"]
[Black "Anaskin, Arsenij"]
[Result "1/2-1/2"]
[WhiteElo "1992"]
[BlackElo "1709"]
[PlyCount "126"]
[EventDate "2010.10.02"]
[EventType "team-tourn"]
[EventRounds "11"]
[EventCountry "CZE"]
[SourceTitle "EXT 2012"]
[Source "ChessBase"]
[SourceDate "2011.11.24"]
[SourceVersion "1"]
[SourceVersionDate "2011.11.24"]
[SourceQuality "1"]
[WhiteTeam "Borsice (U20)"]
[BlackTeam "Praha Oaza (U20)"]
[WhiteTeamCountry "CZE"]
[BlackTeamCountry "CZE"]

1. e4 e5 2. Nf3 Nc6 3. Bc4 Nf6 4. d4 exd4 5. e5 d5 6. Bb5 Ne4 7. Nxd4 Bd7 8. Bxc6 bxc6 9. 0-0 Be7 10. Nd2 Nxd2 11. Bxd2 0-0 12. f4 c5 13. Ne2 Rb8 14. b3 f6 15. Bc3 d4 16. exf6 Bxf6 17. Bb2 Bb5 18. Rf3 Bc6 19. Rf2 Bh4 20. Ng3 g6 21. Qg4 Bd7 22. Qf3 Bf5 23. Ba3 Qd6 24. Kh1 Rbe8 25. Nxf5 Rxf5 26. g3 Re3 27. Qa8+ Rf8 28. Qg2 Bf6 29. Rd1 Rfe8 30. h3 Bg7 31. Kh2 Bf8 32. Rdd2 Qe6 33. Qb7 Qb6 34. Qd5+ Qe6 35. Qg2 Re1 36. Bb2 Re3 37. Rf3 Qe4 38. Rxe3 Qxg2+ 39. Kxg2 Rxe3 40. Kf2 Kf7 41. Re2 Rxe2+ 42. Kxe2 Ke6 43. Kd3 Kd5 44. Bc1 Bd6 45. g4 c6 46. Bd2 a6 47. a4 Be7 48. c4+ Ke6 49. Ke4 Bd6 50. Be1 Kf6 51. Bh4+ Ke6 52. Kf3 Kf7 53. Bd8 Ke8 54. Ba5 Kf7 55. Bb6 Ke6 56. Ke4 Kf6 57. b4 cxb4 58. Bxd4+ Ke6 59. c5 Bc7 60. Bb2 a5 61. Bc1 Bb8 62. Kd4 Bc7 63. Be3 Bb8 1/2-1/2